| 000 | 00376cam a2200145ua 4500 | ||
|---|---|---|---|
| 041 |
_aeng _h |
||
| 082 |
_a616.44 _bKHA/DI |
||
| 100 | _aKhavin, Nikolayev O . | ||
| 245 |
_aDiseases of the thyroid gland / _cNikolayev, Khavin O. _hTextual Documents |
||
| 260 |
_aMoscow : _bPeace Publishers , _c1962. |
||
| 300 | _a219 ; . | ||
| 504 | _a | ||
| 942 | _cBK | ||
| 999 |
_c4420 _d4420 |
||